000 00329nam a2200133Ia 4500
008 100328s9999 xx 000 0 und d
082 _b34225
100 _aशिंगटे सुरेश
245 _aकालवा
260 _bआशिष
630 _aकालवा
730 _aकालवा
942 _cBOOK
999 _c524445
_d524442